000 00700caa a22001817a 4500
999 _c443027
_d443027
003 UA-OsUOA
005 20191202141904.0
008 191202b un ||||| |||| 00| 0 ukr d
040 _aUA-OsUOA
_bukr
_cUA-OsUOA
_dUA-OsUOA
041 _aukr
080 _a908
090 _a908
100 _aРуй О.
245 _aОстрог в роки окупації
_cО. РУй
300 _aС. 409–415
773 0 _0366895
_9390170
_dОстрог Свинарчук Р. В. 2011
_o136211
_tІсторія музейництва, пам'яткоохоронної справи, краєзнавства і туризму в м. Острозі і на Волині
_w(UA-OsUOA) 80586
942 _2udc
_cBKA